Provincias de Nueva Granada en 1810 con un Mapa - Estadísticas

Estadísticas generales
  • Esta prueba ha sido intentada 38 veces
  • La puntuación promedio es 6 de 15
Respuestas en el mapa
Las respuestas están codificadas por una escala verde-roja en el mapa de la prueba según el % correcto abajo.
 
Estadísticas de respuestas
Respuesta % Correcto
Panamá
100%
Bogotá
85%
Cartagena
68%
Antioquia
53%
Santa Marta
41%
Popayán
32%
Riohacha
29%
Tunja
29%
Chocó
26%
Casanare
18%
Mariquita
18%
Pamplona
18%
Socorro
18%
Neiva
15%
Veraguas
6%
No se encontraron pruebas coincidentes
Distribución de puntuación
Porcentaje de gente con cada puntuación
Porcentaje por número respondido
Historial de tus puntuaciones
No has intentado esta prueba.